000 00634nam a2200241Ia 4500
003 OSt
005 20220918212215.0
006 a|||||r|||| 00| 0
007 ta
008 220917b |||||||| |||| 00| 0 eng d
024 _a127,757
037 _cTextual
040 _aARTS
_cARTS
_beng
041 _2eng
_aeng
082 _aW64N19, G8-;1-;2
100 _aRoy M N
245 0 _aFascism
_b Its philosophy, Professions and Practice
260 _aJijnasa
_bBest
_c1938
300 _a104p.
_ccm.
650 _aPOLITICAL SCIENCE
942 _hW64N19, G8-;1-;2
_cTEXL
_2CC
999 _c250899
_d250899